000
00211nam a22000857a 4500
008
161108b xxu||||| |||| 00| 0 eng d
100
_9
1059
_a
BPI india
245
_a
Sunder the seahorse
260
_a
new delhi
_b
bpi
_c
2011
999
_c
3715
_d
3715